| 000 | 01011nam0a22002291 4500 | ||
|---|---|---|---|
| 001 | rc\633556 | ||
| 005 | 20250621192025.0 | ||
| 035 | _a(NLR Aleph) 005875523 | ||
| 090 |
_a6023604 _c6023604 |
||
| 100 | _a20031121d1986 |||y0rusy50 ca | ||
| 101 | 0 | _arus | |
| 102 | _aRU | ||
| 105 | _aa ||||||||| | ||
| 200 | 1 |
_aМетодические рекомендации по использованию наглядных материалов в экономическом образовании трудящихся _fМ-во высш. и сред. спец. образования УССР, Киев. ин-т нар. хоз-ва им. Д.С. Коротченко, Киев. произв. об-ние "Реле и автоматики" _g[Сост. В.М. Ивахненко, к. э. н.] |
|
| 210 |
_aКиев _cКИНХ _d1986 |
||
| 215 |
_a71 с. _cил. _d29 |
||
| 333 | _aДСП. Экз. № 00008 | ||
| 801 | 0 |
_aRU _bNLR _gpsbo |
|
| 801 | 1 |
_aRU _bELAR _2rusmarc |
|
| 852 |
_aNLR _j87-50К/2573 |
||
| 942 | _cBOOK | ||
| 980 | _aNB | ||